Management information systems: managing information technology in the internetworkrd enterprise

Guardat en:
Dades bibliogràfiques
Autor principal: O'Brien, James A. (Autor)
Format: Llibre
Idioma:anglès
Publicat: Boston McGraw Hill 1999
Edició:4a. ed
Matèries:
Etiquetes: Afegir etiqueta
Sense etiquetes, Sigues el primer a etiquetar aquest registre!

MARC

LEADER 00000nam a2200000 a 4500
001 UCN0523
003 CL-VaPUC
008 010323e19990000US |||||||||||||||||eng|d
082 0 4 |a 658.4038  |b OBR  |2 21 
100 |a O'Brien, James A.  |e author  |9 876681 
245 1 0 |a Management information systems: managing information technology in the internetworkrd enterprise 
250 |a 4a. ed 
300 |a 129 p 
942 |c BK 
945 |d 20010323 00:00:00  |a vberengu 
260 |a Boston  |b McGraw Hill  |c 1999 
650 0 |a Administración de sistemas de información   |9 262380 
650 0 |a Sistemas de información   |9 260286 
650 0 |a Redes informáticas   |9 334846 
583 |a last modification  |c 20010323 00:00:00  |k Rodrigo Vera 
999 |c 294270  |d 294268 
952 |0 0  |1 0  |4 0  |6 658_403800000000000_OBR_1999  |7 0  |8 A  |9 346410  |a BIBING  |b BIBING  |d 2019-11-20  |i 3703843  |o 658.4038 OBR 1999  |p 3703843  |r 2025-01-20  |w 2019-11-20  |y BK  |k EII